Entry Personal Name
Number of records used in: 3
001 - CONTROL NUMBER
003 - CONTROL NUMBER IDENTIFIER
005 - DATE AND TIME OF LATEST TRANSACTION
- control field:
20220226113710.0
008 - FIXED-LENGTH DATA ELEMENTS
- fixed length control field:
220226|| aca||aabn | a|a d
040 ## - CATALOGING SOURCE
- Original cataloging agency:
OSt
- Transcribing agency:
OSt
100 ## - HEADING--PERSONAL NAME
- Personal name:
TURCO, SALVATORE J.
670 ## - SOURCE DATA FOUND
- Source citation:
Work cat.: (OSt): TURCO, SALVATORE J., STERILE DOSAGE FORMS : THEIR PREPARATION AND CLINICAL APPLICATION , 1994